Orígenes de la democracia constitucional en Centroamérica / Jorge Mario García Laguardia
El documento consiste en un análisis de los aspectos de la historia centroamericana como son la herencia colonial, la fundación de la república, el despotismo ilustrado y el surgimiento a la vida institucional a partir de la constitución de 1824, signos fundamentales de democracia liberal.
Guardado en:
| Autor principal: | |
|---|---|
| Formato: | Texto |
| Lenguaje: | Spanish |
| Publicado: |
San Pedro:
EDUCA
1976
|
| Edición: | 2 |
| Materias: | |
| Etiquetas: |
Agregar Etiqueta
Sin Etiquetas, Sea el primero en etiquetar este registro!
|
MARC
| LEADER | 00000 a a2200000 04500 | ||
|---|---|---|---|
| 001 | 24994 | ||
| 003 | cru CIDCACS/IIS | ||
| 005 | 20230621110021.0 | ||
| 008 | 210427e1971 cr ||||| |||| 00| 0 spa d | ||
| 040 | |c cru CRAI/IIS | ||
| 090 | |a 04.02.02 G216o | ||
| 100 | |a García Laguardia, Jorge Mario | ||
| 245 | 1 | |a Orígenes de la democracia constitucional en Centroamérica / |b Jorge Mario García Laguardia | |
| 250 | |a 2 | ||
| 260 | |a San Pedro: |b EDUCA |c 1976 | ||
| 300 | |a 347 páginas |b il. |b map. | ||
| 500 | |a Colección Centroamérica | ||
| 520 | |a El documento consiste en un análisis de los aspectos de la historia centroamericana como son la herencia colonial, la fundación de la república, el despotismo ilustrado y el surgimiento a la vida institucional a partir de la constitución de 1824, signos fundamentales de democracia liberal. | ||
| 650 | 7 | |9 9228 |a HISTORIA COLONIAL | |
| 650 | 0 | |9 83 |a DEMOCRACIA | |
| 650 | 0 | |9 425 |a CONSTITUCIONES | |
| 650 | 0 | |9 1014 |a ORIGEN | |
| 942 | |2 ddc |c LI |h 04.02.02 G216o |i 21432 |6 040202_G216O_21432 | ||
| 999 | |c 15317 |d 15317 | ||
